Odd One Out: World Leaders Quiz Stats

Quiz Updated Aug 24, 2016

Challenge
Share
Tweet
Embed
Score 0/20 Timer 08:00
0 Plays Today
Hint Answer % Correct
United States of America???
88.5%
Russia / USSR???
88.1%
United Kingdom???
83.4%
Germany???
83.2%
Cuba???
79.9%
Italy???
77.1%
Egypt???
73.2%
Mexico???
70.8%
China???
68.2%
France???
66.3%
Hint Answer % Correct
South Africa???
66.1%
Israel???
65.1%
Turkey / Ottoman Empire???
61.7%
Canada???
48.3%
India???
47.4%
Pakistan???
43%
Brazil???
42.6%
Australia???
41.6%
Greece???
31.3%
Japan???
31.2%

You're not logged in!

Compare scores with friends on all Sporcle quizzes.
Join for Free
OR
Log In

You Might Also Like...

Show Comments

Extras

Top Quizzes Today


Score Distribution

Your Account Isn't Verified!

In order to create a playlist on Sporcle, you need to verify the email address you used during registration. Go to your Sporcle Settings to finish the process.

Report this User

Report this user for behavior that violates our Community Guidelines.

Details: